| 000 | 00514nam a2200193Ia 4500 | ||
|---|---|---|---|
| 005 | 20240402061955.0 | ||
| 008 | 240331s9999 xx 000 0 und d | ||
| 020 | _a0333498488 | ||
| 082 |
_bDUR _a328 |
||
| 100 | _aDurham, Martin. | ||
| 245 | 0 |
_aSex and politics : _bthe family and morality in the thatcher years _cMartin, Durham. |
|
| 250 | _a1 St. | ||
| 260 |
_aLondon : _bMacmillan Education Ltd / _c1991. |
||
| 300 | _aix, 209 p., | ||
| 650 | _aSex | ||
| 650 | _aSociety | ||
| 650 | _apolitics | ||
| 942 | _cL | ||
| 999 |
_c2561 _d2561 |
||